Curso breve de derecho penal: común y militar
Furkejuvvon:
| Váldodahkki: | |
|---|---|
| Materiálatiipa: | Girji |
| Giella: | espánnjágiella |
| Almmustuhtton: |
Santiago
Carabineros de Chile
1947
|
| Fáttát: | |
| Fáddágilkorat: |
Lasit fáddágilkoriid
Eai fáddágilkorat, Lasit vuosttaš fáddágilkora!
|
MARC
| LEADER | 00000nam a2200000 a 4500 | ||
|---|---|---|---|
| 001 | UCS0071 | ||
| 003 | CL-VaPUC | ||
| 008 | 970418e19470000CL |||||||||||||||||spa|d | ||
| 082 | 0 | 4 | |a 345.83 |b ORT |2 21 |
| 100 | |a Ortiz Muñoz, Pedro Pablo |e autor |9 404430 | ||
| 245 | 1 | 0 | |a Curso breve de derecho penal: común y militar |
| 300 | |a 292 p | ||
| 942 | |c BK | ||
| 945 | |d 19970418 00:00:00 |a cmena | ||
| 260 | |a Santiago |b Carabineros de Chile |c 1947 | ||
| 650 | 7 | |a DERECHO PENAL |2 CL-VaPUC |9 11 | |
| 650 | 0 | |a Código penal |9 255935 | |
| 650 | 0 | |a Delitos |9 224143 | |
| 650 | 7 | |a CRIMINALES |2 CL-VaPUC |9 322996 | |
| 650 | 0 | |a Fuerzas Armadas |9 255504 | |
| 650 | 7 | |a DELITOS MILITARES |2 CL-VaPUC |9 383137 | |
| 651 | 7 | |a CHILE |2 CL-VaPUC |9 383138 | |
| 583 | |a last modification |c 19970418 00:00:00 |k Rodrigo Vera | ||
| 999 | |c 258325 |d 258323 | ||
| 952 | |0 0 |1 0 |4 0 |6 345_830000000000000_ORT_1947 |7 0 |8 A |9 282350 |a BIBDER |b BIBDER |d 2019-11-19 |i 1827405 |l 3 |m 1 |o 345.83 ORT 1947 |p 1827405 |r 2024-10-29 |s 2024-10-14 |w 2019-11-19 |y BK |k DER | ||